Kraje zużywające najwięcej prądu! - Statystyki

Ogólne statystyki
  • Ten quiz został rozwiązany 86 razy
  • Średni wynik to 6 z 10
Statystyki odpowiedzi
Miejsce Kontynent Państwo % Poprawnych
10. Ameryka Północna USA
96%
6. Ameryka Północna Kanada
85%
8. Europa Szwecja
68%
2. Europa Norwegia
65%
5. Europa Finlandia
62%
1. Europa Islandia
48%
4. Azja Katar
38%
7. Azja Kuwejt
32%
9. Azja ZEA
32%
3. Azja Bahrajn
25%
Nie znaleziono quizów pasujących do podanych kryteriów
Rozkład punktacji
Procent ludzi z każdym wynikiem
Percentyl według liczby udzielonych odpowiedzi
Twoja historia wyników
Nie rozwiązałeś tego quizu